| 000 | 00834 a2200253 4500 | ||
|---|---|---|---|
| 005 | 20260416162741.0 | ||
| 008 | 260416b |||||||| |||| 00| 0 eng d | ||
| 020 | _a978-1-032-29290-8 | ||
| 037 | _cTB | ||
| 040 |
_aAL _cAL |
||
| 041 |
_2eng _aeng |
||
| 084 | _qAL | ||
| 245 |
_aTranslation studies and ecology: _bmapping the possibilities of new emerging field |
||
| 260 |
_aNew York, USA: _bRoutledge, _c2024. |
||
| 300 | _a206p. | ||
| 365 |
_b42.99 _cGBP |
||
| 650 | _aApplied Linguistics | ||
| 650 |
_aTranslation and Interpretation _91234475 |
||
| 650 | _aLanguage and Languages | ||
| 700 |
_aDasca, Maria _eEditor, _91234993 |
||
| 700 |
_aCerarols, Rosa _eEditor, _91234994 |
||
| 942 |
_cTB _2CC _hP:795 R4 |
||
| 999 |
_c1678689 _d1678689 |
||